01183nam a2200193Ia 4500001001000000003001000010008004100020040002500061041001300086100003000099245005400129250001100183260009200194300002800286500026600314501011400580520026600694650002900960L232-6602IT-CnALBA170116s9999||||xx |||||||||||||| ||und|| aIT-CnALBAcIT-CnALBA aITALIANO aCHIAVARINO D. LUIGI, SAC. 0aI MIRACOLI E I RACCONTI DI GESÙ. PER BAMBINI.  a1a ed. aCINISELLO BALSAMO (MI)bEDIZIONI PAOLINEc1950 [1° Ed.:1950 - Ed.Ling.Originale: 1950] a190 p. (prefazione: 78) aMEDITAZIONI SU GESÙ. I MIRACOLI E LE PARABOLE DI GESÙ.RACCONTATE AI BAMBINI. I MAGI.I BAMBINI D'EGITTO. I FANCIULLI DI NAZARETH. MORTE DI SAN GIUSEPPE. TENTAZIONI DI GESÙ. LA SAMARITANA. LA FIGLIA DI GIAIRO. LA VEDOVA DI NAIM. IL BUON PASTORE. IL FIGLIUOL aSocietà San Paolo EM - Piazza San Paolo, 14 - 12051 ALBA (CN) (non commercial uses only) ® Copyright 2017 aMEDITAZIONI SU GESÙ. I MIRACOLI E LE PARABOLE DI GESÙ.RACCONTATE AI BAMBINI. I MAGI.I BAMBINI D'EGITTO. I FANCIULLI DI NAZARETH. MORTE DI SAN GIUSEPPE. TENTAZIONI DI GESÙ. LA SAMARITANA. LA FIGLIA DI GIAIRO. LA VEDOVA DI NAIM. IL BUON PASTORE. IL FIGLIUOL aVITA E MISTERO DI CRISTO